Green inheritance
The book highlights a deeping concern about the destruction that treatens our plant heritage, about the slender genetic base of the world's staple crops, about the dwindling last locations of wild resources with their unexplored potential as food, fuel, and medicine - in fact, about the fragile...
সংরক্ষণ করুন:
| প্রধান লেখক: | |
|---|---|
| বিন্যাস: | গ্রন্থ |
| ভাষা: | Undetermined |
| প্রকাশিত: |
New York
Four Walls Eight Windows
1992
|
| বিষয়গুলি: | |
| ট্যাগগুলো: |
ট্যাগ যুক্ত করুন
কোনো ট্যাগ নেই, প্রথমজন হিসাবে ট্যাগ করুন!
|
| Thư viện lưu trữ: | Trung tâm Học liệu Trường Đại học Cần Thơ |
|---|
| LEADER | 00889nam a2200205Ia 4500 | ||
|---|---|---|---|
| 001 | CTU_32735 | ||
| 008 | 210402s9999 xx 000 0 und d | ||
| 020 | |b 187.500đ | ||
| 082 | |a 581.61 | ||
| 082 | |b H986 | ||
| 100 | |a Anthony Huxley | ||
| 245 | 0 | |a Green inheritance | |
| 245 | 0 | |c Anthony Huxley | |
| 260 | |a New York | ||
| 260 | |b Four Walls Eight Windows | ||
| 260 | |c 1992 | ||
| 520 | |a The book highlights a deeping concern about the destruction that treatens our plant heritage, about the slender genetic base of the world's staple crops, about the dwindling last locations of wild resources with their unexplored potential as food, fuel, and medicine - in fact, about the fragile green inheritance we have pass on to our children | ||
| 650 | |a plant conservation,plants,plants, cultivated | ||
| 904 | |i Minh, 990817 | ||
| 980 | |a Trung tâm Học liệu Trường Đại học Cần Thơ | ||